O elemento cénico em Gil Vicente / (Record no. 144823)

MARC details
000 -LEADER
campo de control de longitud fija 00580nam a2200181 4500
001 - NÚMERO DE CONTROL
campo de control 144823
003 - IDENTIFICADOR DE NÚMERO DE CONTROL
campo de control ES-MaACL
005 - FECHA Y HORA DE LA ÚLTIMA TRANSACCIÓN
campo de control 20230906201115.0
007 - CAMPO FIJO DE DESCRIPCIÓN FÍSICA--INFORMACIÓN GENERAL
campo de control de longitud fija t|
008 - DATOS DE LONGITUD FIJA--INFORMACIÓN GENERAL
campo de control de longitud fija 070214s1965 po r ||||1| por d
100 1# - ENTRADA PRINCIPAL--NOMBRE DE PERSONA
Nombre de persona Sletsjoee, Leif.
9 (RLIN) 106781
245 10 - MENCIÓN DEL TÍTULO
Título O elemento cénico em Gil Vicente /
Mención de responsabilidad, etc. por Leif Sletsjöe.
260 ## - PUBLICACIÓN, DISTRIBUCIÓN, ETC.
Lugar de publicación, distribución, etc. Lisboa :
Nombre del editor, distribuidor, etc. Casa Portuguesa,
Fecha de publicación, distribución, etc. 1965.
300 ## - DESCRIPCIÓN FÍSICA
Extensión 158 p. ;
Dimensiones 21 cm.
500 ## - NOTA GENERAL
Nota general Precede al tít.: Instituto Ibero-Americano, Gotemburgo, Suecia.
710 2# - ENTRADA AGREGADA--NOMBRE DE ENTIDAD CORPORATIVA
Nombre de entidad corporativa o nombre de jurisdicción como elemento de entrada Instituto Ibero-Americano (Göteborg)
9 (RLIN) 5089
852 ## - LOCALIZACIÓN
Ubicación ES-MaACL
Número de control de estantería C-29707
Sublocalización o colección R.59931
Holdings
Estatus retirado Estado de pérdida Estado de daño No para préstamo Biblioteca de origen Biblioteca actual Ubicación en estantería Fecha de adquisición Fuente de adquisición Total de préstamos Signatura topográfica completa Código de barras Visto por última vez Precio de reemplazo Tipo de ítem Koha
        Biblioteca del Ateneo de Madrid Biblioteca del Ateneo de Madrid Depósito 2 17/01/2008     C-29707 1151075 23/02/2023 23/02/2023 Libro impreso